000 00783nam a22002297a 4500
003 UA-OsUOA
001 106251
007 ta
008 20140512b un ||||| |||| 00| 0 ukr d
090 _a82-94(477)
_bЧ-15
942 _cBK
040 _aUA-OsUOA
_bukr
_cUA-OsUOA
_dUA-OsUOA
245 _aАндрій Чайковський
_bСпогади. Листи. Дослідження
_cупоряд. О. В. Седляр, Б. З. Якимович; гол. ред. Б. З. Якимович
_nТ. 4
300 _a680 с.
955 _a2
041 _aukr
080 _a82-94(477)
020 _a978-966-613-576-9
260 _aЛьвів
_bЛНУ ім. Івана Франка
_c2007
650 7 _a82 Література. Літературознавство
_2UDC
999 _c392413
_d392413